Culture and economy : changes in Turkish villages

Αποθηκεύτηκε σε:
Λεπτομέρειες βιβλιογραφικής εγγραφής
Άλλοι συγγραφείς: Stirling, Paul (Επιμελητής έκδοσης)
Μορφή: Βιβλίο
Γλώσσα:English
Δημοσίευση: Huntingdon : The Eothen Press , c1993
Θέματα:
Ετικέτες: Προσθήκη ετικέτας
Δεν υπάρχουν, Καταχωρήστε ετικέτα πρώτοι!

MARC

LEADER 00000nam a2200000 i 4500
001 1/82844
008 990526s1993 eng d
020 |a 0-906719-19-4 
035 |l 10051192 
040 |a GR-MY-UA  |b gre  |e aacr 
041 0 |a eng 
082 0 |a 307.7209561 
245 1 0 |a Culture and economy :  |b changes in Turkish villages /  |c edited by Paul Stirling 
260 |a Huntingdon :   |b The Eothen Press ,   |c c1993 
300 |a 231 p. 
504 |a Includes bibliographical references and index 
650 0 0 |a Ethnology  |z Turkey. 
650 0 0 |a Social change  |z Turkey. 
650 0 0 |a Villages  |z Turkey. 
651 0 |a Turkey  |x Rural conditions. 
651 0 |a Turkey  |x Economic conditions. 
700 1 |a Stirling, Paul.  |4 edt 
852 |a INST  |b LESVOS  |e 19990526  |h 307.7209561 CUL  |p 005100020063  |q 005100020063  |t BK  |y 0 
901 |a BIBL1-1999-2 
909 |a Λ  |b 062301 
922 |a 1ΕΛΗ  |b 199812  |c ΚΠΣ/ΤΓ  |d LEADER 
950 |a 118-1998-10-19